| 000 | 00779nam a22002057a 4500 | ||
|---|---|---|---|
| 003 | OSt | ||
| 005 | 20250620060002.0 | ||
| 008 | 250620b |||||||| |||| 00| 0 eng d | ||
| 020 | _a978-621-427-231-0 | ||
| 040 |
_aDWCL - Main lib _cOC |
||
| 082 | _aFil. 658.3 M539h 2024 | ||
| 100 | _aMendoza, Ernesto H. | ||
| 245 |
_aHuman resource management: _bcurrent directions & new challenges with overview of international HRM/ _cErnesto H. Mendoza |
||
| 260 |
_aIntramuros, Manila: _bUnlimited Books Library Services & Publishing Inc. _cc2024. |
||
| 300 |
_axii, 400pages: _billustrations; _c25 cm. |
||
| 504 | _aIncludes glossary and bibliographical references. | ||
| 650 | _aPersonnel management. | ||
| 700 | _aLorma S.P. Garcia | ||
| 942 |
_2ddc _cBK - FIL _eSecond edition _kFil. _n0 |
||
| 999 |
_c3195 _d3195 |
||